Väzeň revolúcie III Prečo sa nepodaril útek z najšpinavšej väznice v strednej Európe

Bibliographic Details
Main Author: Červínka, Jozef, 1935-2011 (Author)
Corporate Author: Slovensko. Krajský súd v Košiciach (Author)
Format: Article
Language:Slovak
Subjects:

MARC

LEADER 00000nab a2200000 a 4500
001 vtls000915470
003 SK-MaSNL
005 20260304133519.0
008 040720e19920110xo 0 slo
035 |a KE24355 
040 |a KEVKJB  |b slo  |c KEVKJB  |e AACR2 
041 0 |a slo 
044 |a xo  |c SK 
080 |a 343.163  |2 1981 
080 |a 343.301  |2 1981 
100 1 |a Červínka, Jozef,  |d 1935-2011  |4 aut  |9 253536 
245 1 0 |a Väzeň revolúcie III  |b Prečo sa nepodaril útek z najšpinavšej väznice v strednej Európe 
610 1 7 |a Slovensko.  |b Krajský súd v Košiciach  |2 KEVKJB  |9 165849 
650 0 7 |a trestné činy  |2 KEVKJB  |9 2181 
650 0 7 |a činy protištátne  |2 KEVKJB  |9 1450562 
650 0 7 |a vyšetrovanie  |2 KEVKJB  |9 393758 
650 0 7 |a väzba vyšetrovacia  |2 KEVKJB  |9 891874 
650 0 7 |a väznice  |2 KEVKJB  |9 2643 
650 0 7 |a podmienky sociálne  |2 KEVKJB  |9 882284 
650 0 7 |a reportáže  |2 KEVKJB  |9 75670 
651 7 |a Prešov (Slovensko)  |2 KEVKJB  |9 17347 
651 7 |a KE,  |2 KEVKJB  |9 877256 
655 7 |a periodikum  |2 snkbucl  |9 29553 
710 1 |a Slovensko.  |b Krajský súd v Košiciach  |4 aut  |9 165849 
773 0 8 |t Slovenský východ  |g Roč. 2  |g Roč. 20, č.8, 10.1.1992, s. 3 
852 |a ZVYKNI  |b KIS3GCP 
999 |c 2902003  |d 2903933